Multiple Choice County Quiz - Montgomery County, MD - Statistics

General Stats
  • This quiz has been taken 11 times
  • The average score is 8 of 15
Answer Stats
Question Answer % Correct
What is the nickname of Montgomery County? MoCo
90%
Who was Montgomery County named after? Richard Montgomery
80%
Which is the County Seat? Rockville
80%
Which racial makeup makes up most of the population? White
80%
For tax purposes, how many hundreds was Montgomery County divided into? 11
70%
Which County DOESNT border Montgomery County? Calvert
60%
Who is the county executive of Montgomery County? Mark Elrich
60%
What canal was constructed in 1828 & completed in 1850? Chesapeake and Ohio Canal
50%
When was Montgomery County founded? September 6, 1776
50%
What position does Montgomery County rank in terms of population? 1st
40%
What is the most populous city in Montgomery County? Germantown
40%
Who did the Madison House belong to originally? Caleb Bentley
30%
What is Montgomery County's motto? Gardez Bien
30%
What voting system does Montgomery County use? First-past-the-post
20%
Which is the top employer in Montgomery County? U.S. Department of Health and Human Services
20%
No matching quizzes found
Score Distribution
Percent of People with Each Score
Percentile by Number Answered
Your Score History
You have not taken this quiz